Library Banner

Zeenat (Sindhi) (Record no. 80274)

MARC details
000 -LEADER
fixed length control field 00488nam a2200181Ia 4500
001 - CONTROL NUMBER
control field 69795
008 - FIXED-LENGTH DATA ELEMENTS--GENERAL INFORMATION
fixed length control field 151205s9999||||xx |||||||||||||| ||und||
020 ## - INTERNATIONAL STANDARD BOOK NUMBER
International Standard Book Number NA
040 ## - CATALOGING SOURCE
Transcribing agency PK-LaUMT
082 ## - DEWEY DECIMAL CLASSIFICATION NUMBER
Classification number 891.4393
Item number SHA-Z
100 ## - MAIN ENTRY--PERSONAL NAME
Personal name Shamsul Ulma Mirza Qalach Beg
245 ## - TITLE STATEMENT
Title Zeenat (Sindhi)
Statement of responsibility, etc Shamsul Ulma Mirza Qalach Beg|amdad Hussaini
260 ## - PUBLICATION, DISTRIBUTION, ETC. (IMPRINT)
Place of publication, distribution, etc Islamabad,Pakistan:
Name of publisher, distributor, etc Academy Adabiyat Pakistan,
Date of publication, distribution, etc 1980
300 ## - PHYSICAL DESCRIPTION
Extent 112 p.
546 ## - LANGUAGE NOTE
Language note UR
700 ## - ADDED ENTRY--PERSONAL NAME
Personal name amdad Hussaini
942 ## - ADDED ENTRY ELEMENTS (KOHA)
Koha item type Books
Holdings
Withdrawn status Lost status Damaged status Not for loan Home library Current library Date acquired Total Checkouts Full call number Barcode Date last seen Price effective from Koha item type
        UMT Main Campus UMT Main Campus 2015-12-04   891.4393 SHA-Z 93061 2015-12-05 2015-12-05 Books